IX Congreso Universal de Química Pura y Aplicada (Record no. 46697)

MARC details
000 -LEADER
campo de control de longitud fija 00500nam a2200157 i 4500
001 - NÚMERO DE CONTROL
campo de control 46697
003 - IDENTIFICADOR DE NÚMERO DE CONTROL
campo de control ES-MaACL
005 - FECHA Y HORA DE LA ÚLTIMA TRANSACCIÓN
campo de control 20230906161430.0
007 - CAMPO FIJO DE DESCRIPCIÓN FÍSICA--INFORMACIÓN GENERAL
campo de control de longitud fija t|
008 - DATOS DE LONGITUD FIJA--INFORMACIÓN GENERAL
campo de control de longitud fija 030331s1931 sp ||||1| spa d
111 2# - ENTRADA PRINCIPAL--NOMBRE DE CONGRESO/REUNIÓN
Nombre de congreso/reunión o jurisdicción como elemento de entrada Congreso Universal de Química Pura y Aplicada (
Número del congreso/reunión o número de parte o sección 9º.
Fecha del congreso o de la firma del tratado 1932.
Sede del congreso/Lugar de la reunión Madrid)
9 (RLIN) 582
245 10 - MENCIÓN DEL TÍTULO
Título IX Congreso Universal de Química Pura y Aplicada
Resto del título : Madrid, 3 a 10 de abril 1932.
260 ## - PUBLICACIÓN, DISTRIBUCIÓN, ETC.
Lugar de publicación, distribución, etc. Madrid :
Nombre del editor, distribuidor, etc. C. Bermejo,
Fecha de publicación, distribución, etc. 1931.
300 ## - DESCRIPCIÓN FÍSICA
Extensión 24 p. ;
Dimensiones 21 cm.
852 ## - LOCALIZACIÓN
Ubicación ES-MaACL
Número de control de estantería 1751-F-7
Holdings
Estatus retirado Estado de pérdida Fuente del sistema de clasificación o colocación Estado de daño No para préstamo Colección Biblioteca de origen Biblioteca actual Ubicación en estantería Fecha de adquisición Total de préstamos Signatura topográfica completa Código de barras Visto por última vez Precio de reemplazo Tipo de ítem Koha
  Perdido Clasificación decimal universal     Colección de folletos Biblioteca del Ateneo de Madrid Biblioteca del Ateneo de Madrid Depósito folletos 17/01/2008   1751-F-7 1049116 23/02/2023 23/02/2023 Folleto